000
00225nam a22000857a 4500
008
160915b xxu||||| |||| 00| 0 eng d
100
_9
531
_a
Wadhwa.K.
245
_a
Mathematics Lab-6
260
_a
New Delhi
_b
Dhanput publications
_c
2012
999
_c
3188
_d
3188